NPB 日本プロ野球 全打順本塁打選手 - Statistics

General Stats
  • This quiz has been taken 204 times
  • The average score is 5 of 23
Answer Stats
達成年 選手名 達成時所属球団 % Correct
2024 万波中正 日本ハム
77%
2022 中村奨吾 ロッテ
62%
2021 中村晃 ソフトバンク
61%
2015 浅村栄斗 西武
41%
2020 Tー岡田 オリックス
40%
2019 島内宏明 楽天
34%
2009 井口資仁 ロッテ
28%
1997 田中幸雄 日本ハム
26%
2009 吉村裕基 横浜
22%
2002 五十嵐章人 近鉄
20%
2011 後藤光尊 オリックス
20%
2020 清田育宏 ロッテ
18%
1998 堀幸一 ロッテ
16%
1996 松永浩美 ダイエー
9%
1999 小川博文 オリックス
9%
1074 山崎裕之 ロッテ
7%
1980 栗橋茂 近鉄
6%
1985 岡持和彦 日本ハム
6%
1989 古屋英夫 日本ハム
6%
1958 三宅秀史 阪神
4%
1953 岩本章 広島
3%
1973 島谷金二 中日
3%
1978 島本講平 近鉄
3%
No matching quizzes found
Score Distribution
Percent of People with Each Score
Percentile by Number Answered
Your Score History
You have not taken this quiz